Т. 1 : [Романы, рассказы]; Ожерелье Планет Эйкумены; Планета Роканнона; Левая рука тьмы; Король планеты Зима; Слово для "леса" и "мира" одно

Détails bibliographiques
Parent link:Ожерелье Планет Эйкумены: [собрание сочинений]/ У. К. Ле Гуин. Т. 1 : [Романы, рассказы].— , 1992-.— 5-8352-0118-4
Résumé:Урсула Кребер Ле Гуин (род. в 1929 году) — одна из ярких звезд на небосклоне современной американской литературы. Продолжая традиции Д.Р.Р.Толкина и Р.Брэдбери, она одинаково владеет двумя, столь любимыми в наше время, жанрами — фэнтези и научной фантастикой. Одно из лучших созданий ее воображения — Эйкумена, Лига Миров, добровольный союз всех разумных существ Вселенной. Бесконечно разнообразны формы разумной жизни, но и в самых глухих закоулках Космоса обитатели неведомых планет ждут Контакта, взаимопонимания, любви — вот главная мысль романов, повестей и рассказов об Эйкумене. Крылатые кошки и межзвездные корабли, сверхсветовое оружие и древние мечи, безумные слепые ангелы и «пожиратели слов», подземные кузницы и солнечные эльфы, юный король и немолодой этнограф, хрупкая девушка — вестница и мудрая старуха Хозяйка — вот кто населяет первый том хроник Эйкумены. А во втором речь пойдет о нашей собственной планете, ее будущем, о великих открытиях, катастрофах и надеждах Земли, одного из звеньев «Ожерелья Планет Эйкумены».
Langue:russe
Publié: 1992
TOC:Планета Роканнона;
Левая рука тьмы;
Король планеты Зима;
Слово для "леса" и "мира" одно;
Sujets:
Format: Livre
KOHA link:https://koha.lib.tpu.ru/cgi-bin/koha/opac-detail.pl?biblionumber=330834

MARC

LEADER 00000nam2a2200000 4500
001 330834
005 20231102004310.0
010 |a 5835200978 
035 |a (RuTPU)RU\TPU\book\356622 
090 |a 330834 
100 |a 20170411d1992 m y0rusy50 ca 
101 1 |a rus  |c eng 
102 |a RU 
105 |a a z 000ay 
200 0 |a Т. 1 : [Романы, рассказы] 
210 |d 1992 
215 |a 606 с. 
330 |a Урсула Кребер Ле Гуин (род. в 1929 году) — одна из ярких звезд на небосклоне современной американской литературы. Продолжая традиции Д.Р.Р.Толкина и Р.Брэдбери, она одинаково владеет двумя, столь любимыми в наше время, жанрами — фэнтези и научной фантастикой. Одно из лучших созданий ее воображения — Эйкумена, Лига Миров, добровольный союз всех разумных существ Вселенной. Бесконечно разнообразны формы разумной жизни, но и в самых глухих закоулках Космоса обитатели неведомых планет ждут Контакта, взаимопонимания, любви — вот главная мысль романов, повестей и рассказов об Эйкумене. Крылатые кошки и межзвездные корабли, сверхсветовое оружие и древние мечи, безумные слепые ангелы и «пожиратели слов», подземные кузницы и солнечные эльфы, юный король и немолодой этнограф, хрупкая девушка — вестница и мудрая старуха Хозяйка — вот кто населяет первый том хроник Эйкумены. А во втором речь пойдет о нашей собственной планете, ее будущем, о великих открытиях, катастрофах и надеждах Земли, одного из звеньев «Ожерелья Планет Эйкумены». 
461 1 |0 (RuTPU)RU\TPU\book\342517  |y 5-8352-0118-4  |t Ожерелье Планет Эйкумены  |o [собрание сочинений]  |o пер. с англ.  |f У. К. Ле Гуин  |v Т. 1 : [Романы, рассказы]  |d 1992-  
464 |t Планета Роканнона  |o роман 
464 |t Левая рука тьмы  |o роман 
464 |t Король планеты Зима  |o рассказ 
464 |t Слово для "леса" и "мира" одно  |o роман 
606 1 |a Американская литература  |2 stltpush  |3 (RuTPU)RU\TPU\subj\72261  |9 85825 
610 1 |a фантастика 
610 1 |a фэнтези 
610 1 |a романы 
610 1 |a рассказы 
675 |a 82  |v 4 
801 1 |a RU  |b 63413507  |c 20170411 
801 2 |a RU  |b 63413507  |c 20170414  |g RCR 
942 |c BK